000 00284nam a2200109Ia 4500
008 171211s9999 xx 000 0 und d
245 _aDisney's Most Notorious Film
245 _cJason Sperb
260 _c2012
650 _xART
856 _uhttp://down.ebook777.com/062/0292739745.pdf
999 _c348564
_d348564